[Event "11th European Club Cup for Wom"]
[Site "?"]
[Date "2006.10.11"]
[Round "4"]
[White "Kovanova, Baira"]
[Black "Peptan, Corina Isabela"]
[Result "1-0"]
[WhiteElo "2303"]
[BlackElo "2428"]
[PlyCount "175"]
[EventDate "2006.10.08"]

1. e4 c5 2. Nf3 d6 3. Bc4 Nc6 4. O-O Nf6 5. d3 e6 6. Bb3 Be7 7. c3 O-O 8. Re1
b5 9. Nbd2 Bb7 10. Nf1 Rc8 11. Ng3 Ne5 12. d4 Nxf3+ 13. Qxf3 cxd4 14. cxd4 d5
15. e5 Ne4 16. Qg4 Nxg3 17. Qxg3 f5 18. exf6 Bxf6 19. Qd3 Qd6 20. Be3 a6 21.
Rad1 Rf7 22. Bc2 g6 23. f4 Bg7 24. g3 a5 25. Qe2 Qb4 26. a3 Qd6 27. Bd3 b4 28.
Bf2 Re8 29. h4 bxa3 30. bxa3 Qxa3 31. h5 Rf6 32. hxg6 hxg6 33. Qg4 Kf7 34. Re5
Rh8 35. Rde1 Bc8 36. Bb1 Qd6 37. Rg5 Rh6 38. Kg2 Qf8 39. Rc1 Qd8 40. Rc5 Bf8
41. Rc1 Bg7 42. Qe2 Bd7 43. Qe5 Rh8 44. Rc7 Re8 45. Qd6 Re7 46. Be1 Bf8 47.
Bxa5 Qb8 48. Bb4 Qb5 49. Kf2 Kg7 50. Qe5 Kf7 51. Bxe7 Bxe7 52. Bc2 Bd8 53. Ra7
Bb6 54. Ra8 Qb4 55. Kg2 Qxd4 56. Qxd4 Bxd4 57. Rd8 Bc6 58. Rc8 Bb5 59. Rc7+ Ke8
60. Rxg6 Rxg6 61. Bxg6+ Kd8 62. Rh7 Bc5 63. Kf3 Bc6 64. Bd3 Bd6 65. Rf7 Be8 66.
Rh7 Bc6 67. g4 e5 68. fxe5 Bxe5 69. g5 Ke8 70. Kg4 Kf8 71. Kf5 Bg7 72. Ke6 d4
73. Rh2 Be8 74. Rf2+ Kg8 75. Ke7 Bc6 76. Bc4+ Kh7 77. Kf7 Be5 78. g6+ Kh6 79.
g7 Bxg7 80. Rh2+ Kg5 81. Kxg7 Kf4 82. Kf6 Bf3 83. Rd2 Ke4 84. Ke6 Ke3 85. Rd3+
Ke4 86. Ra3 Bd1 87. Bd3+ Ke3 88. Bc2+ 1-0

[Event "11th European Club Cup for Wom"]
[Site "?"]
[Date "2006.10.11"]
[Round "4"]
[White "Medic, Mirjana"]
[Black "Kovalevskaya, Ekaterina"]
[Result "0-1"]
[WhiteElo "2285"]
[BlackElo "2434"]
[PlyCount "144"]
[EventDate "2006.10.08"]

1. d4 Nf6 2. Nf3 e6 3. c4 Bb4+ 4. Nbd2 O-O 5. a3 Be7 6. e4 d5 7. Bd3 c5 8. cxd5
exd5 9. e5 Nfd7 10. O-O Nc6 11. Re1 a5 12. Nf1 cxd4 13. Bc2 Qc7 14. Bf4 Re8 15.
Rc1 Qb6 16. Bb3 Nc5 17. Bxd5 Rd8 18. Bc4 Be6 19. Bg5 h6 20. Bxe7 Nxe7 21. Bxe6
Nxe6 22. N1d2 Nf5 23. Nc4 Qa6 24. Qd3 b5 25. Ncd2 Ne7 26. Ne4 b4 27. Qxa6 Rxa6
28. axb4 axb4 29. Red1 Rc6 30. g3 Rd5 31. Nd6 Rxc1 32. Rxc1 d3 33. Kf1 Ng6 34.
Nf5 Kh7 35. Ne3 Ra5 36. Nc4 Rc5 37. b3 Rd5 38. Rd1 Nc5 39. Rb1 Nd7 40. Rd1 Nc5
41. Rb1 Kg8 42. Ke1 Ne4 43. Ra1 Kf8 44. Ra4 d2+ 45. Nfxd2 Nxd2 46. Nxd2 Nxe5
47. Ke2 Nd3 48. f4 Nc1+ 49. Ke1 Nd3+ 50. Ke2 Nc1+ 51. Ke1 Ke7 52. Nf3 f6 53.
Ra7+ Rd7 54. Rxd7+ Kxd7 55. Nd4 Kd6 56. Kd1 Kd5 57. Nc2 Nd3 58. Kd2 Ke4 59. Ke2
h5 60. h4 Nc1+ 61. Kf2 Na2 62. Ke2 Nc3+ 63. Kf2 Nd5 64. Ke2 g6 65. Ne1 Kd4 66.
Kd2 Ne3 67. Nf3+ Ke4 68. Ke2 Nf5 69. Nd2+ Kd4 70. Kf2 Kd3 71. Nc4 Kc3 72. Kf3
Kxb3 0-1

[Event "11th European Club Cup for Wom"]
[Site "?"]
[Date "2006.10.11"]
[Round "4"]
[White "Svaljek, Radmila"]
[Black "Shumiakina, Tatiana"]
[Result "0-1"]
[WhiteElo "2055"]
[BlackElo "2363"]
[PlyCount "76"]
[EventDate "2006.10.08"]

1. d4 d5 2. Nf3 c6 3. c3 Bg4 4. Ne5 Bh5 5. Nd2 e6 6. Ndf3 Bd6 7. h3 Nd7 8. Nxd7
Qxd7 9. e3 Qc7 10. Be2 Nf6 11. O-O O-O 12. Nd2 Bg6 13. c4 c5 14. a3 Rfd8 15.
Kh1 cxd4 16. exd4 dxc4 17. Nxc4 Be7 18. Be3 Nd5 19. Rc1 Nxe3 20. fxe3 Qg3 21.
Qe1 Qxe1 22. Rfxe1 Bh4 23. Rf1 Bg5 24. Rc3 Rac8 25. Rfc1 f6 26. Bf3 b6 27. Kg1
b5 28. Na5 Bxe3+ 29. Rxe3 Rxc1+ 30. Kf2 Rxd4 31. Rxe6 Bf5 32. Re3 Rc2+ 33. Kg3
Rd3 34. Re7 Rd7 35. Re3 Kf7 36. Kh2 Rd3 37. Rxd3 Bxd3 38. Nc6 Rxb2 0-1

[Event "11th European Club Cup for Wom"]
[Site "?"]
[Date "2006.10.11"]
[Round "4"]
[White "Kochetkova, Julia"]
[Black "Mijatovic, Andrea"]
[Result "1-0"]
[WhiteElo "2342"]
[BlackElo "1900"]
[PlyCount "81"]
[EventDate "2006.10.08"]

1. e4 c5 2. Nf3 d6 3. d4 cxd4 4. Nxd4 Nf6 5. Nc3 a6 6. Bg5 e6 7. f4 Be7 8. Qf3
Qc7 9. O-O-O Nbd7 10. g4 b5 11. Bxf6 Nxf6 12. g5 Nd7 13. f5 Bxg5+ 14. Kb1 O-O
15. fxe6 Nb6 16. Qh5 Bf6 17. Bh3 Bxd4 18. Rxd4 fxe6 19. Rg1 e5 20. Rd3 Ra7 21.
a3 Qc5 22. Rdg3 Bxh3 23. Qxh3 Raf7 24. Qe6 Kh8 25. Rd1 Rf1 26. Qe7 Rxd1+ 27.
Nxd1 Rg8 28. Ne3 Qc6 29. Nf5 Qd7 30. Qh4 Nc4 31. Rh3 g5 32. Qf2 Qf7 33. Qe2 Rg6
34. Rd3 Qd7 35. Qg2 Kg8 36. Rg3 Qd8 37. h4 h6 38. hxg5 hxg5 39. Rh3 Kf7 40.
Rh7+ Ke6 41. Nd4+ 1-0

[Event "11th European Club Cup for Wom"]
[Site "?"]
[Date "2006.10.11"]
[Round "4"]
[White "Nebolsina, Vera"]
[Black "Matveeva, Svetlana"]
[Result "0-1"]
[WhiteElo "2349"]
[BlackElo "2415"]
[PlyCount "80"]
[EventDate "2006.10.08"]

1. d4 d5 2. c4 dxc4 3. Nf3 e6 4. e3 c5 5. Bxc4 a6 6. O-O Nf6 7. Bb3 b5 8. a4 b4
9. Nbd2 Be7 10. e4 Bb7 11. e5 Nfd7 12. Nc4 O-O 13. Bf4 Nc6 14. Bc2 cxd4 15.
Nxd4 Nxd4 16. Qxd4 b3 17. Bb1 f5 18. exf6 Nxf6 19. Nd6 Bd5 20. Nc4 Rc8 21. Ne3
Bc5 22. Qd3 Bxe3 23. Qxe3 Qd7 24. Be5 Ng4 25. Qh3 Nxe5 26. Qxh7+ Kf7 27. Qh5+
Kf6 28. f4 Qa7+ 29. Kh1 Nd7 30. Qg6+ Ke7 31. Qxg7+ Kd6 32. Bh7 Qc7 33. f5 Nf6
34. Qg3+ Ke7 35. Qg5 Qe5 36. Rae1 Qxb2 37. Rf3 Rc2 38. Rg3 Re2 39. Rc1 Rxg2 40.
Rxg2 Qxg2+ 0-1

[Event "11th European Club Cup for Wom"]
[Site "?"]
[Date "2006.10.11"]
[Round "4"]
[White "Demina, Julia"]
[Black "Steil Antoni, Fiona"]
[Result "1-0"]
[WhiteElo "2318"]
[BlackElo "2029"]
[PlyCount "59"]
[EventDate "2006.10.08"]

1. d4 d5 2. Nf3 Nf6 3. c4 e6 4. Nc3 Be7 5. Bg5 O-O 6. e3 h6 7. Bh4 b6 8. Be2
Bb7 9. Bxf6 Bxf6 10. cxd5 exd5 11. O-O Re8 12. b4 c5 13. bxc5 bxc5 14. Qb3 Bc6
15. Bb5 c4 16. Qa4 Qd7 17. Rab1 Rd8 18. h3 Kf8 19. Rb2 a6 20. Bxc6 Nxc6 21. Rb6
Nb8 22. Qxd7 Rxd7 23. Rfb1 Rd8 24. Nxd5 Rxd5 25. Rxb8+ Rxb8 26. Rxb8+ Ke7 27.
Rb2 Kd7 28. Rc2 Ra5 29. Nd2 c3 30. Ne4 1-0

[Event "11th European Club Cup for Wom"]
[Site "?"]
[Date "2006.10.12"]
[Round "5"]
[White "Paehtz, Elisabeth"]
[Black "Danielian, Elina"]
[Result "1/2-1/2"]
[WhiteElo "2449"]
[BlackElo "2426"]
[PlyCount "80"]
[EventDate "2006.10.08"]

1. e4 c6 2. Ne2 d5 3. e5 c5 4. d4 Nc6 5. c3 Bf5 6. dxc5 e6 7. b4 Bxb1 8. Rxb1
Nxe5 9. Nd4 Be7 10. Bb5+ Kf8 11. O-O a6 12. f4 Nd7 13. Bd3 Bf6 14. Be3 Ne7 15.
Ne2 Qc7 16. Bd4 a5 17. a3 axb4 18. axb4 b6 19. cxb6 Bxd4+ 20. cxd4 Qxb6 21. Ra1
Rxa1 22. Qxa1 g6 23. Qa4 Nf6 24. Rc1 Kg7 25. Rc5 Ne4 26. Qa5 Qxa5 27. Rxa5 Rb8
28. b5 h5 29. Ra6 Nf5 30. Rc6 Kf6 31. g3 Rb7 32. Kg2 Nfd6 33. b6 Rb8 34. Ba6
Ke7 35. Nc1 Kd7 36. Rc7+ Kd8 37. Rc6 Kd7 38. Rc7+ Kd8 39. Rc6 Kd7 40. Rc7+ Kd8
1/2-1/2

[Event "11th European Club Cup for Wom"]
[Site "?"]
[Date "2006.10.12"]
[Round "5"]
[White "Khurtsidze, Nino"]
[Black "Kovanova, Baira"]
[Result "1-0"]
[WhiteElo "2419"]
[BlackElo "2303"]
[PlyCount "83"]
[EventDate "2006.10.08"]

1. d4 Nf6 2. c4 e6 3. Nc3 Bb4 4. e3 O-O 5. Bd3 c5 6. Nge2 d5 7. cxd5 cxd4 8.
exd4 Nxd5 9. O-O Nc6 10. Nxd5 exd5 11. Be3 Be7 12. Nf4 Bf6 13. Rc1 g6 14. Re1
Qd6 15. Rc5 Be6 16. Nxe6 fxe6 17. Qg4 Bg7 18. Rec1 Rad8 19. h4 Nxd4 20. h5 Nc6
21. hxg6 Ne5 22. gxh7+ Kh8 23. Qd1 Nxd3 24. Qxd3 d4 25. Bd2 e5 26. Rc7 Qf6 27.
f3 Rf7 28. Qc4 Rdf8 29. Qd5 b6 30. Qe4 a5 31. R7c6 Qd8 32. Bh6 Bxh6 33. Rxh6
Qg5 34. Rcc6 Rg7 35. Rhg6 Rxg6 36. Rxg6 Qc1+ 37. Kh2 Qc7 38. Rg3 Qd6 39. Rg6
Qc7 40. Rg5 Re8 41. Qg6 e4+ 42. Rg3 1-0

[Event "11th European Club Cup for Wom"]
[Site "?"]
[Date "2006.10.12"]
[Round "5"]
[White "Gvetadze, Sopio"]
[Black "Kosintseva, Nadezhda"]
[Result "1-0"]
[WhiteElo "2396"]
[BlackElo "2493"]
[PlyCount "85"]
[EventDate "2006.10.08"]

1. e4 e5 2. Nf3 Nc6 3. Bb5 a6 4. Ba4 Nf6 5. d3 b5 6. Bb3 Bc5 7. O-O d6 8. c3 h6
9. h3 O-O 10. a4 Rb8 11. axb5 axb5 12. Re1 Bb6 13. Nbd2 Ne7 14. Nf1 Ng6 15. Ng3
Be6 16. d4 Bxb3 17. Qxb3 c5 18. Be3 Qd7 19. Rad1 exd4 20. cxd4 c4 21. Qc2 Rfe8
22. d5 Bxe3 23. Rxe3 Ne5 24. Nd4 Rbc8 25. f4 Nd3 26. Rdxd3 cxd3 27. Qxd3 Qc7
28. Kh2 Qb6 29. Ngf5 g6 30. Nxh6+ Kg7 31. e5 dxe5 32. Ndf5+ gxf5 33. Nxf5+ Kf8
34. fxe5 Ng8 35. e6 fxe6 36. Nd4 Qd6+ {[36.  exd5]} 37. Rg3 exd5 38. Qh7 Qxg3+
39. Kxg3 Nf6 40. Qg6 Ne4+ 41. Kh2 Re5 42. Nf5 Re7 43. Qh6+ 1-0

[Event "11th European Club Cup for Wom"]
[Site "?"]
[Date "2006.10.12"]
[Round "5"]
[White "Muzychuk, Anna"]
[Black "Lomineishvili, Maia"]
[Result "0-1"]
[WhiteElo "2452"]
[BlackElo "2382"]
[PlyCount "94"]
[EventDate "2006.10.08"]

1. e4 c5 2. Nf3 d6 3. Nc3 Nc6 4. Bb5 e5 5. O-O Nf6 6. d3 Be7 7. Nd2 O-O 8. Bxc6
bxc6 9. Nc4 Be6 10. f4 exf4 11. Bxf4 d5 12. Ne5 Qb6 13. Qf3 Rac8 14. b3 c4+ 15.
Kh1 cxd3 16. cxd3 dxe4 17. dxe4 Rfd8 18. Rad1 Bb4 19. Na4 Qb5 20. h3 Be7 21.
Nc3 Qa5 22. Rxd8+ Bxd8 23. Bg3 Be7 24. Nc4 Qh5 25. e5 Qxf3 26. Rxf3 Nd5 27. Ne4
f6 28. Ncd6 Rd8 29. Nb7 Re8 30. Na5 Bd7 31. Nc4 Be6 32. Bf2 fxe5 33. Nxe5 Nb4
34. a3 Bd5 35. axb4 Bxe4 36. Rf4 Bd5 37. Nd3 Bd6 38. Rg4 Re2 39. Bd4 g6 40. Bc5
Bb8 41. Kg1 Rd2 42. Nf2 Rb2 43. Ne4 h5 44. Rh4 Be5 45. Bxa7 Re2 46. b5 Bxe4 47.
Kf1 Bd3 0-1

[Event "11th European Club Cup for Wom"]
[Site "?"]
[Date "2006.10.12"]
[Round "5"]
[White "Korbut, Ekaterina"]
[Black "Kochetkova, Julia"]
[Result "1-0"]
[WhiteElo "2435"]
[BlackElo "2342"]
[PlyCount "97"]
[EventDate "2006.10.08"]

1. e4 e5 2. Bc4 Nf6 3. d3 c6 4. Nf3 Bc5 5. O-O d6 6. h3 h6 7. Re1 O-O 8. Bb3
Na6 9. Nbd2 Nh5 10. Nf1 Qf6 11. d4 Bb6 12. Be3 Nf4 13. Ng3 g6 14. c4 exd4 15.
Nxd4 Nc5 16. Bc2 Nce6 17. Nxe6 Bxe3 18. fxe3 Nxe6 19. Rb1 Qe5 20. Qf3 Bd7 21.
Ne2 Rae8 22. Qg3 Qxg3 23. Nxg3 Nc7 24. Rbd1 Be6 25. Bb3 Rd8 26. Rd2 Rd7 27.
Red1 Rfd8 28. Ne2 Na6 29. Nf4 Nc5 30. Nxe6 fxe6 31. Bc2 e5 32. b4 Na6 33. a3 b6
34. Bd3 Kg7 35. Be2 Nc7 36. Bg4 Rf7 37. Rxd6 Rxd6 38. Rxd6 Rf6 39. Rd7+ Rf7 40.
Rd2 h5 41. Bd7 Rf6 42. h4 a5 43. Bc8 axb4 44. axb4 Ne8 45. c5 bxc5 46. bxc5 Nc7
47. Rd7+ Rf7 48. Rd6 Rf6 49. Bb7 1-0

[Event "11th European Club Cup for Wom"]
[Site "?"]
[Date "2006.10.12"]
[Round "5"]
[White "Botvinnik, Irina"]
[Black "Johansson, Viktoria"]
[Result "1-0"]
[WhiteElo "2208"]
[BlackElo "2234"]
[PlyCount "63"]
[EventDate "2006.10.08"]

1. c4 c5 2. Nc3 Nc6 3. g3 g6 4. Bg2 Bg7 5. a3 a5 6. d3 d6 7. e3 e5 8. Nge2 Nge7
9. O-O O-O 10. Bd2 Rb8 11. Qb3 Be6 12. Nd5 h5 {[12.  b5!]} 13. Nec3 h4 14. Qb5
Nf5 15. Ne4 h3 16. Bxh3 Nfd4 17. exd4 Bxh3 18. dxc5 Bxf1 19. Rxf1 dxc5 20. Qxc5
f6 21. f4 f5 22. Ng5 Re8 23. Bc3 Rc8 24. Qf2 b5 25. b3 bxc4 26. dxc4 Bf8 27. g4
Nd4 28. Qh4 Rc7 29. Bxa5 Bc5 30. Kh1 Qa8 31. Bxc7 Re7 32. Bxe5 1-0

[Event "11th European Club Cup for Wom"]
[Site "?"]
[Date "2006.10.12"]
[Round "5"]
[White "Jiretorn, Eva"]
[Black "Vovinkina, Natalia"]
[Result "1/2-1/2"]
[WhiteElo "2109"]
[BlackElo "2203"]
[PlyCount "140"]
[EventDate "2006.10.08"]

1. d4 Nf6 2. c4 e6 3. Nf3 b6 4. g3 Ba6 5. Qc2 Bb7 6. Bg2 d5 7. cxd5 Nxd5 8. a3
Be7 9. O-O O-O 10. e4 Nf6 11. Nc3 h6 12. h3 Nbd7 13. Rd1 c6 14. Bf4 Re8 15.
Rac1 Bf8 16. g4 Rc8 17. g5 Nh5 18. Be3 hxg5 19. Nxg5 f6 20. Nf3 Qe7 21. e5 c5
22. Ng5 fxg5 23. Bxb7 Rc7 24. Qg6 Rxb7 25. Qxh5 Qf7 26. Qxg5 cxd4 27. Bxd4 Be7
28. Qg4 Qf5 29. Qxf5 exf5 30. Nd5 Bc5 31. f4 Kf7 32. b4 Bxd4+ 33. Rxd4 Nf8 34.
Ne3 Ne6 35. Rd2 Nxf4 36. Nxf5 Kg6 37. Nd6 Rd7 38. Rc6 Re6 39. Kh2 Kh5 40. Rd4
g5 41. Nf5 Rxd4 42. Ng7+ Kh4 43. Nf5+ Kh5 44. Ng7+ Kg6 45. Nxe6 Rd2+ 46. Kh1
Kf5 47. Nxf4 gxf4 48. e6 Re2 49. a4 f3 50. b5 {[50.  Kg1]} 50... Kf4 {
[50.  Re1+  Kh2  f2]} 51. Rc7 Kg3 52. Rg7+ Kxh3 53. Kg1 Kh4 54. Rxa7 Kg3 55.
Rg7+ Kf4 56. e7 Re4 57. Kf2 Re2+ 58. Kf1 Re6 59. Kf2 {[59.  a5!]} 59... Re2+
60. Kf1 Kf5 61. Rf7+ {[61.  a5!]} 61... Kg6 62. Rxf3 Rxe7 63. Kf2 Re4 64. Ra3
Kf5 65. Kf3 Rh4 66. Ke2 Rh2+ 67. Kf1 Ke5 68. a5 bxa5 69. b6 Rb2 70. Rxa5+ Kd6
1/2-1/2

[Event "11th European Club Cup for Wom"]
[Site "?"]
[Date "2006.10.12"]
[Round "5"]
[White "Len, Irina"]
[Black "Horn, Emilia"]
[Result "0-1"]
[WhiteElo "2114"]
[BlackElo "2081"]
[PlyCount "104"]
[EventDate "2006.10.08"]

1. d4 d5 2. c4 c6 3. cxd5 cxd5 4. Nc3 Nf6 5. Bf4 Nc6 6. e3 e6 7. Nf3 Bb4 8. Bd3
O-O 9. O-O a6 10. Rc1 Bd7 11. a3 Be7 12. Ne5 Nxe5 13. Bxe5 Ne8 14. Qh5 f5 15.
g4 g6 16. Qh3 fxg4 17. Qxg4 Bf6 18. f4 Ng7 19. Rc2 Bxe5 20. fxe5 Rxf1+ 21. Kxf1
Qe7 22. Rg2 Rf8+ 23. Rf2 Rxf2+ 24. Kxf2 b5 25. Ke2 b4 26. axb4 Qxb4 27. Bxa6
Qxb2+ 28. Kd3 Qa3 29. Bb7 Qb3 30. Ba6 Qb6 31. e4 Qxa6+ 32. Kd2 Qb7 33. Kc2 Bc6
34. Qg5 Qc7 35. exd5 Bxd5 36. Kd2 Nf5 37. Qf6 Qe7 38. Nxd5 exd5 39. Qb6 Qg5+
40. Kc2 Qg2+ 41. Kc3 Qf3+ 42. Kb4 Qe4 43. Qd8+ Kg7 44. Ka5 Qxd4 45. Qc7+ Kh6
46. h3 Qc4 47. Qxc4 dxc4 48. Kb4 Kg5 49. Kxc4 Kh4 50. Kd5 Kxh3 51. Ke6 Kg4 52.
Kf7 g5 0-1

[Event "11th European Club Cup for Wom"]
[Site "?"]
[Date "2006.10.12"]
[Round "5"]
[White "Miloradovic, Jelena"]
[Black "Lian, Marina"]
[Result "1-0"]
[WhiteElo "2105"]
[BlackElo "1841"]
[PlyCount "153"]
[EventDate "2006.10.08"]

1. c4 e6 2. Nc3 Nf6 3. e4 d5 4. e5 Nfd7 5. d4 dxc4 6. Bxc4 Nb6 7. Bb3 Bd7 8.
Nge2 Bc6 9. O-O Be7 10. Ng3 h6 11. Qg4 g6 12. Bxe6 h5 13. Bxf7+ Kxf7 14. Qf4+
Kg7 15. e6 Bf6 16. Nge4 Bxe4 17. Qxe4 c6 18. Rd1 Nd5 19. Rd3 Nxc3 20. bxc3 Qd5
21. Qe2 Na6 22. Rb1 b5 23. Ba3 Nc7 24. Re1 Rhe8 25. e7 Qf7 26. Rg3 h4 27. Rf3
Nd5 28. Bd6 Nxe7 29. Rxf6 Qxf6 30. Be5 Nd5 31. Bxf6+ Nxf6 32. Qd1 Rxe1+ 33.
Qxe1 Re8 34. Qd2 Nd5 35. h3 Kf6 36. Qh6 Re4 37. Qf8+ Kg5 38. Qf3 Re1+ 39. Kh2
Ra1 40. Qg4+ Kf6 41. Qxh4+ Kg7 42. Qd8 Rxa2 43. Qd7+ Kh6 44. Qxc6 Nf4 45. Kg3
Nh5+ 46. Kf3 Rc2 47. g4 Ng7 48. h4 b4 49. Qa8 Rxc3+ 50. Ke4 Kh7 51. Qxa7 Rc2
52. Qb7 Rb2 53. f4 b3 54. Ke5 Re2+ 55. Kf6 Re6+ 56. Kg5 Rd6 57. f5 gxf5 58.
gxf5 b2 59. Qxb2 Rd5 60. Qf2 Ne6+ 61. Kf6 Nxd4 62. Ke7 Nxf5+ 63. Ke6 Ra5 64.
Qc2 Kg6 65. Qg2+ Kh7 66. Kf6 Kh8 67. h5 Kh7 68. Qg6+ Kh8 69. Qe8+ Kh7 70. Qd7+
Kh6 71. Qe8 Ra6+ 72. Kxf5 Kg7 73. Qe7+ Kh6 74. Qg5+ Kh7 75. Qd2 Rb6 76. Qd3 Rc6
77. Qd7+ 1-0

[Event "11th European Club Cup for Wom"]
[Site "?"]
[Date "2006.10.12"]
[Round "5"]
[White "Klipper, Rebecca"]
[Black "Kruljac, Petra"]
[Result "1/2-1/2"]
[WhiteElo "2054"]
[BlackElo "2033"]
[PlyCount "87"]
[EventDate "2006.10.08"]

1. d4 d5 2. Bg5 h6 3. Bh4 c5 4. dxc5 g5 5. Bg3 e6 6. e4 Bxc5 7. exd5 Qb6 8. b3
exd5 9. Qe2+ Be6 10. Be5 f6 11. Bb2 Nd7 12. Nc3 Bb4 13. O-O-O Bxc3 14. Bxc3 Kf7
15. Qh5+ Kg7 16. Bd3 Bf7 17. Qg4 Qc6 18. Bb2 Rc8 19. Nf3 Nc5 20. Nd4 Qc7 21.
Bf5 Re8 22. Rhe1 Ne7 23. Be6 Bg6 24. b4 Nd3+ 25. Rxd3 Bxd3 26. Bd7 Qc4 27. Ne6+
Kf7 28. Qxc4 Bxc4 29. Bxe8+ Rxe8 30. Nc5 b6 31. Nd7 Ng8 32. Rxe8 Kxe8 33. Nxf6+
Nxf6 34. Bxf6 Kf7 35. Be5 Bxa2 36. f3 Kg6 37. g4 h5 38. gxh5+ Kxh5 39. Bb8 a6
40. Bc7 b5 41. Kd2 Kg6 42. Bd8 Kf5 43. Be7 Kf4 44. h4 1/2-1/2

[Event "11th European Club Cup for Wom"]
[Site "?"]
[Date "2006.10.12"]
[Round "5"]
[White "Svaljek, Radmila"]
[Black "Steil Antoni, Fiona"]
[Result "1/2-1/2"]
[WhiteElo "2055"]
[BlackElo "2029"]
[PlyCount "40"]
[EventDate "2006.10.08"]

1. d4 d5 2. Nf3 Nf6 3. Bg5 e6 4. c3 c5 5. e3 Nc6 6. Nbd2 Be7 7. Bd3 O-O 8. O-O
b6 9. Ne5 Nxe5 10. dxe5 Nd7 11. Bxe7 Qxe7 12. f4 Bb7 13. Nf3 g6 14. Qe2 Rad8
15. Rae1 f6 16. exf6 Rxf6 17. Bb5 Nb8 18. Bd3 Nc6 19. Bb5 Nb8 20. Bd3 Nc6
1/2-1/2

[Event "11th European Club Cup for Wom"]
[Site "?"]
[Date "2006.10.13"]
[Round "6"]
[White "Danielian, Elina"]
[Black "Vovinkina, Natalia"]
[Result "1-0"]
[WhiteElo "2426"]
[BlackElo "2203"]
[PlyCount "109"]
[EventDate "2006.10.08"]

1. d4 d6 2. Nf3 g6 3. e4 Bg7 4. c3 Nd7 5. Bc4 e6 6. O-O Ne7 7. Re1 O-O 8. Nbd2
c6 9. Bd3 Qc7 10. Nf1 e5 11. dxe5 Nxe5 12. Nxe5 dxe5 13. Be3 Be6 14. a4 c5 15.
Qe2 c4 16. Bc2 Nc6 17. f3 b6 18. Bf2 Rfd8 19. Ne3 Nd4 20. cxd4 exd4 21. Nd5
Bxd5 22. exd5 d3 23. Bxd3 cxd3 24. Qxd3 Bxb2 25. Rad1 Be5 26. g3 Rac8 27. Kg2
Qd6 28. Re2 Bf6 29. g4 Re8 30. Rxe8+ Rxe8 31. Bg3 Qd7 32. d6 Rd8 33. Qc4 Rc8
34. Qf4 Bg7 35. Re1 Bf8 36. Qf6 Bg7 37. Qe7 Qxe7 38. Rxe7 Bf8 39. Rxa7 Rd8 40.
d7 f6 41. Bf2 Bc5 42. Bxc5 bxc5 43. Kf2 Kf7 44. a5 Ke7 45. a6 Kd6 46. Rb7 Kc6
47. Ke3 Ra8 48. h4 h5 49. gxh5 gxh5 50. Ke4 Rxa6 51. d8=Q Kxb7 52. Qe7+ Kb6 53.
Kd5 Ra5 54. Qd8+ Kb5 55. Qb8+ 1-0

[Event "11th European Club Cup for Wom"]
[Site "?"]
[Date "2006.10.13"]
[Round "6"]
[White "Len, Irina"]
[Black "Khurtsidze, Nino"]
[Result "0-1"]
[WhiteElo "2114"]
[BlackElo "2419"]
[PlyCount "96"]
[EventDate "2006.10.08"]

1. d4 Nf6 2. Nf3 e6 3. e3 c5 4. Bd3 b6 5. O-O Bb7 6. Nbd2 Be7 7. b3 O-O 8. Bb2
d6 9. c4 Nbd7 10. Re1 Qc7 11. Rc1 Rac8 12. Qc2 Rfe8 13. Nf1 cxd4 14. Ng5 h6 15.
Nxf7 Kxf7 16. Bg6+ Kg8 17. Bxe8 Rxe8 18. exd4 Nf8 19. Ng3 d5 20. c5 Rc8 21. b4
Ne4 22. Qe2 Nxg3 23. hxg3 Qd7 24. f4 Bf6 25. b5 Ba8 26. c6 Qd6 27. Qd2 h5 28.
Re3 h4 29. Ba3 Qc7 30. Bb4 Kf7 31. a4 Ng6 32. Rf1 hxg3 33. Rxg3 Nh4 34. Qd1 Nf5
35. Qh5+ Kg8 36. Rh3 Bxd4+ 37. Kh1 Bxc6 38. Qh7+ Kf7 39. bxc6 Qxc6 40. g4 Qc4
41. Rb1 Bf6 42. Qh5+ g6 43. Qh7+ Bg7 44. Rc3 Qe4+ 45. Kh2 Qxf4+ 46. Kg1 Qxg4+
47. Kh2 Qf4+ 48. Kg1 Rxc3 0-1

[Event "11th European Club Cup for Wom"]
[Site "?"]
[Date "2006.10.13"]
[Round "6"]
[White "Aginian, Nelly"]
[Black "Lian, Marina"]
[Result "1-0"]
[WhiteElo "2274"]
[BlackElo "1841"]
[PlyCount "95"]
[EventDate "2006.10.08"]

1. e4 e6 2. d4 d5 3. exd5 exd5 4. c4 Nf6 5. Nc3 Be7 6. Nf3 O-O 7. Bd3 dxc4 8.
Bxc4 Bg4 9. Be3 Nbd7 10. O-O c6 11. h3 Bh5 12. Re1 Re8 13. g4 Nb6 14. Bb3 Bg6
15. Ne5 Nfd5 16. Qf3 Bf6 17. Nxg6 fxg6 18. a4 a5 19. Ne4 Be7 20. Nc5 Qc8 21.
Bf4 Bf6 22. Be5 Bxe5 23. Rxe5 Rxe5 24. dxe5 Qe8 25. Qe4 Qe7 26. Qd4 Rf8 27. Nd3
Kh8 28. Qc5 Qf7 29. f4 h5 30. Qxa5 Qd7 31. Qc5 Rf7 32. e6 Qxe6 33. Qxb6 hxg4
34. Qd8+ Kh7 35. Qh4+ Kg8 36. Re1 Qf5 37. Re8+ Rf8 38. Rxf8+ Qxf8 39. Bxd5+
cxd5 40. Qxg4 Qe8 41. Ne5 Qxa4 42. Qe6+ Kh7 43. Qxg6+ Kh8 44. Kg2 Qd4 45. Qc2
b5 46. Nf7+ Kg8 47. Ng5 Qxf4 48. Qh7+ 1-0

[Event "11th European Club Cup for Wom"]
[Site "?"]
[Date "2006.10.13"]
[Round "6"]
[White "Dzagnidze, Nana"]
[Black "Maric, Alisa"]
[Result "1-0"]
[WhiteElo "2432"]
[BlackElo "2394"]
[PlyCount "83"]
[EventDate "2006.10.08"]

1. d4 Nf6 2. Nf3 e6 3. Bg5 c5 4. d5 exd5 5. e3 Be7 6. Nc3 Nc6 7. Be2 O-O 8. O-O
d6 9. Rb1 Be6 10. Bxf6 Bxf6 11. Nxd5 Bxd5 12. Qxd5 Qc7 13. Rfd1 Rad8 14. Bc4
Nb4 15. Qf5 Qe7 16. Bd5 g6 17. Qf4 b5 18. c3 Na6 19. a4 b4 20. Qc4 bxc3 21.
bxc3 Nc7 22. Rb7 a6 23. Rdb1 Rc8 24. h3 Qe8 25. e4 Nxd5 26. exd5 a5 27. R1b6
Qd8 28. Qf4 Bxc3 29. Rxd6 Qe8 30. Rdd7 Rb8 31. d6 Rxb7 32. Rxb7 Qc6 33. Re7 Qd5
34. d7 Kg7 35. Qc7 Bf6 36. Re8 c4 37. Qb8 Qxd7 38. Rxf8 Qd1+ 39. Kh2 Be7 40.
Rg8+ Kh6 41. Qf4+ g5 42. Qxf7 1-0

[Event "11th European Club Cup for Wom"]
[Site "?"]
[Date "2006.10.13"]
[Round "6"]
[White "Cramling, Pia"]
[Black "Javakhishvili, Lela"]
[Result "1-0"]
[WhiteElo "2528"]
[BlackElo "2416"]
[PlyCount "121"]
[EventDate "2006.10.08"]

1. d4 Nf6 2. Nf3 e6 3. c4 b6 4. Nc3 Bb7 5. a3 d5 6. Bg5 Be7 7. Bxf6 Bxf6 8.
cxd5 exd5 9. g3 O-O 10. Bg2 c5 11. O-O Re8 12. Rc1 Na6 13. e3 Qd7 14. h4 cxd4
15. exd4 Nc7 16. Qd2 Re7 17. Rfe1 Rae8 18. Rxe7 Rxe7 19. Ne2 Nb5 20. Nf4 g6 21.
a4 Nc7 22. b3 Qd6 23. Bh3 Ba6 24. Qc3 Ne8 25. Qd2 Nc7 26. Rc3 Bg7 27. Qc1 Bb7
28. Re3 Rxe3 29. Qxe3 Bh6 30. Ne5 f6 31. Ned3 Ba6 32. Qf3 Bg7 33. h5 Bxd3 34.
Qxd3 f5 35. Bg2 Kf7 36. Bxd5+ Kf8 37. Bc4 Bh6 38. Ng2 Bg5 39. Ne1 Bf6 40. Nf3
Kg7 41. Qe3 gxh5 42. Ne5 Ne6 43. Bxe6 Qxe6 44. Qc3 Bxe5 45. dxe5 Kg6 46. b4 Qd5
47. b5 Qd1+ 48. Kg2 h4 49. gxh4 Qxa4 50. Qc6+ Kh5 51. Qf3+ Kg6 52. Qc6+ Kh5 53.
Qe8+ Kxh4 54. Qe7+ Kh5 55. Qxh7+ Kg5 56. Qg7+ Kh5 57. Qf7+ Kg5 58. Qf6+ Kg4 59.
f3+ Kh5 60. Qxf5+ Kh6 61. Qf6+ 1-0

[Event "11th European Club Cup for Wom"]
[Site "?"]
[Date "2006.10.13"]
[Round "6"]
[White "Gvetadze, Sopio"]
[Black "Peptan, Corina Isabela"]
[Result "1-0"]
[WhiteElo "2396"]
[BlackElo "2428"]
[PlyCount "131"]
[EventDate "2006.10.08"]

1. e4 c5 2. Nf3 e6 3. c4 Nc6 4. Nc3 a6 5. Be2 Qc7 6. O-O Nf6 7. a3 b6 8. d4
cxd4 9. Nxd4 Bb7 10. Be3 Rc8 11. b4 Nb8 12. Bd3 d6 13. f4 Nbd7 14. f5 Ne5 15.
fxe6 Nxd3 16. Nd5 Bxd5 17. cxd5 Nb2 18. Qb3 Nc4 19. Qa4+ b5 20. Qxa6 fxe6 21.
Nxb5 Qd7 22. Rac1 exd5 23. exd5 Be7 24. Na7 O-O 25. Rxc4 Ra8 26. Rcf4 Rfb8 27.
Rc1 Rb7 28. Rfc4 Raxa7 29. Rc8+ Kf7 30. Bxa7 Rxa7 31. Qd3 Bd8 32. R8c6 Rb7 33.
Kh1 h6 34. Re1 Ng4 35. Rf1+ Bf6 36. Qe4 Ne5 37. a4 Qe7 38. Rc2 Ng6 39. Qc4 Ne5
40. Qc8 Nd3 41. b5 Nc5 42. Qg4 Qe5 43. Qc4 Qe4 44. Qxe4 Nxe4 45. Rc6 Nc5 46. b6
Ke7 47. a5 Kd7 48. Rc1 Bd8 49. g3 Na6 50. R1c4 Bg5 51. Rc8 Nc5 52. Rg8 Bf6 53.
Kg2 Na6 54. Kf3 Nc5 55. Rxc5 dxc5 56. a6 Rxb6 57. a7 Rb3+ 58. Ke4 Rb4+ 59. Kf5
Ra4 60. a8=Q Rxa8 61. Rxa8 Kd6 62. Ke4 c4 63. Ra6+ Kc5 64. Rc6+ Kb4 65. d6 Kb5
66. Rc8 1-0